'The Stone Roses' Songs - Statistics

General Stats
  • This quiz has been taken 83 times
  • The average score is 8 of 11
Answer Stats
Hint Answer % Correct
1 I Wanna Be Adored
97%
3 Waterfall
94%
11 I Am The Resurrection
89%
2 She Bangs The Drums
86%
8 Made Of Stone
83%
10 This Is The One
74%
7 (Song for My) Sugar Spun Sister
71%
6 Elizabeth My Dear
68%
5 Bye Bye Badman
65%
4 Don't Stop
57%
9 Shoot You Down
55%
No matching quizzes found
Score Distribution
Percent of People with Each Score
Percentile by Number Answered
Your Score History
You have not taken this quiz